00632nam a2200205Ia 45000010006000000050017000060070003000230080041000260400025000670410008000920820021001001000022001212450113001432500014002562600050002703000027003206530029003476530015003767000035003912244820240114000640.0ta060317s1901 a g b000 u 465 u aCotton College,Assam a465 a942.05bAr 24 Qu aArcher , Thomas . 0aQueen Victoria Her Life and Reign Vol.I /cThomas Archer and Amelia Hutchinson Stirling .hTextual Documents a1st ed. / aLondon :bThe Gresham Publishing Co. ,c1901. a267p. :bill ;c24cm . aBiography-Queen Victoria aMS-History aStirling[, Amelia Hutchinson .